Statistics for Megafauna of Africa

Click here to take the quiz!

General Stats

  • This quiz has been taken 52 times
  • The average score is 40 of 86

Answer Stats

Answer% Correct
African Bush Elephant
100%
African Forest Elephant
100%
Grevy's Zebra
100%
Lion
100%
Masai Giraffe
100%
Mountain Zebra
100%
Northern Giraffe
100%
Plains Zebra
100%
Reticulated Giraffe
100%
Southern Giraffe
100%
Eastern Gorilla
98%
Western Gorilla
98%
Chimpanzee
96%
African Wild Ass
92%
Cape Buffalo
92%
Cheetah
92%
Leopard
90%
Ostrich
90%
Somali Ostrich
90%
Gray Wolf
85%
Hippopotamus
85%
Common Warthog
79%
Desert Warthog
79%
Blue Wildebeest
77%
Nile Crocodile
77%
Wild Boar
77%
Black Wildebeest
75%
Bonobo
73%
Nubian Ibex
73%
Walia Ibex
73%
Mandrill
67%
East African Oryx
65%
Scimitar Oryx
65%
White Rhinoceros
63%
Black Rhinoceros
60%
Okapi
52%
Spotted Hyena
52%
Pygmy Hippopotamus
50%
Aldabra Giant Tortoise
48%
Greater Kudu
48%
Lesser Kudu
48%
Striped Hyena
48%
Red Deer
42%
Eland
40%
Giant Eland
40%
Impala
40%
Brown Fur Seal
35%
Bongo
31%
Brown Hyena
25%
Gemsbok
23%
Mountain Nyala
23%
Nyala
23%
Red River Hog
23%
Addax
21%
Bushpig
19%
Hartebeest
19%
Sable Antelope
17%
Bushbuck
15%
Gerenuk
15%
Mediterranean Monk Seal
15%
Waterbuck
15%
African Rock Python
13%
Barbary Sheep
13%
Dwarf Crocodile
13%
Yellow-Backed Duiker
13%
Kob
10%
Lechwe
10%
Roan Antelope
10%
African Spurred Tortoise
8%
Bohor Reedbuck
8%
Central African Slender Snouted Crocodile
8%
Giant Forest Hog
8%
Sitatunga
8%
Southern Reedbuck
8%
Tsessebe
8%
West African Crocodile
8%
West African Slender Snouted Crocodile
8%
Dama Gazelle
6%
Nile Lechwe
6%
Puku
6%
African Softshell Turtle
4%
Bontebuck
4%
Grant's Gazelle
4%
Hirola
4%
Harnessed Bushbuck
2%
Soemerring's Gazelle
2%

Score Distribution

Percentile by Number Answered

Percent of People with Each Score

Your Score History

You have not taken this quiz